00267nam a2200109Ia 4500008004100000020001800041082001400059100001700073245004800090260000800138500001100146260604s9999 xx 000 0 und d a9780241451946 a808.3 BRY aBRYSON, BILL 0aA REALLY SHORT HISTORY OF NEARLY EVERYTHING bPEN aBryson